Contract and Mercantile Law Through the Cases : (Record no. 460)
[ view plain ]
| 000 -LEADER | |
|---|---|
| fixed length control field | 00486nam a22001577a 4500 |
| 005 - DATE AND TIME OF INPUT | |
| control field | 20231109083802.0 |
| 008 - DATA ELEMENTS--GENERAL INFORMATION | |
| fixed length control field | 231109b |||||||| |||| 00| 0 eng d |
| 041 ## - LANGUAGE CODE | |
| Language code of text | English |
| 082 ## - SHELF NUMBER | |
| DDC number | 346.2 KAH |
| 100 ## - MAIN AUTHOR | |
| Main author's name | Kahn, E |
| Language of a work | English |
| 245 ## - TITLE STATEMENT | |
| Title | Contract and Mercantile Law Through the Cases : |
| Statement of responsibility, etc. | E Kahn |
| 260 ## - PUBLICATION, DISTRIBUTION, ETC. | |
| Place of publication, distribution, etc. | Cape Town : |
| Name of publisher, distributor, etc. | Juta and Company Ltd, |
| Date of publication, distribution, etc. | 1971 |
| 300 ## - PHYSICAL DESCRIPTION | |
| Other physical details | li, 1050 pages ; |
| Dimensions | 26 cm. |
| 650 ## - SUBJECT` | |
| Broad subject | Legal practice |
| Own subject terms | Law |
| 942 ## - ADDED ENTRY ELEMENTS (KOHA) | |
| Item type | Books |
| 942 ## - ADDED ENTRY ELEMENTS (KOHA) | |
| -- | ALISON_BN_VRIES |
| Source of classification or shelving scheme | Not for loan | Collection code | Home library | Current library | Shelving location | Date acquired | Full call number | Barcode | Price effective from | Koha item type |
|---|---|---|---|---|---|---|---|---|---|---|
| Dewey Decimal Classification | TEXT BOOKS | LAW SOCIETY OF NAMIBIA LIBRARY - WINDHOEK | LAW SOCIETY OF NAMIBIA LIBRARY - WINDHOEK | Damage law | 11/09/2023 | 346.2 KAH | LSN/1987/140 | 11/09/2023 | Books |
